Normal view
MARC view
- Bacterial transformation
Entry Topical Term
001 - CONTROL NUMBER
- control field: 39608
003 - CONTROL NUMBER IDENTIFIER
- control field: OSt
005 - DATE AND TIME OF LATEST TRANSACTION
- control field: 20160320142127.0
008 - FIXED-LENGTH DATA ELEMENTS
- fixed length control field: 160320|| aca||babn | a|a d
040 ## - CATALOGING SOURCE
- Original cataloging agency: OSt
150 ## - HEADING--TOPICAL TERM
- Topical term or geographic name as entry element: Bacterial transformation
450 ## - SEE FROM TRACING--TOPICAL TERM
- Topical term or geographic name entry element: Transformation, Bacterial
450 ## - SEE FROM TRACING--TOPICAL TERM
- Topical term or geographic name entry element: Transformation (Genetics)
550 ## - SEE ALSO FROM TRACING--TOPICAL TERM
- Topical term or geographic name entry element: Cell transformation
550 ## - SEE ALSO FROM TRACING--TOPICAL TERM
- Topical term or geographic name entry element: Genetic recombination
550 ## - SEE ALSO FROM TRACING--TOPICAL TERM
- Topical term or geographic name entry element: Genetic transformation
550 ## - SEE ALSO FROM TRACING--TOPICAL TERM
- Topical term or geographic name entry element: Microbial genetics